000 00451nam a2200181Ia 4500
008 230711s9999||||xx |||||||||||||| ||und||
020 _a978-0-07-107253-3
041 _aENG
082 _a621.319
_bKA-H
100 _aKamakshaiah,S
245 0 _aHVDC transmission
250 _a1st Ed.
260 _c2011
_aNew Delhi
_bTata McGraw Hill Education Limited
300 _a372
650 _aElectrical Engineering
700 _aKamaraju,V
942 _cBK
999 _c5111
_d5111